000 00411nam a2200133Ia 4500
008 170516s9999 xx 000 0 und d
245 _aEffectiveness of a Layer-by-Layer Microbubbles-Based Delivery System for Applying Minoxidil to Enhance Hair Growth
260 _bTheranostics
260 _c2016
300 _a6:6
650 _xMedical Technology
650 _xMedtech
856 _uhttp://www.thno.org/v6i6
999 _c330217
_d330217